Регионална библиотека "Любен Каравелов" - Русе

Cuba (Запис номер 208575)

MARC детайли
000 -Лидер
Контролно поле с фиксирана дължина nkm a22 a 4500
003 - Код на организацията, давaща контролен номер
Контролно поле BLK
005 - Дата и час на последна редакция
Контролно поле 20210211131413.0
008 - Елементи от данни с фиксирана дължина
fixed length control field 180412b bul rap|r|||| r0| ||bulo|
010 ## - Наследен системен номер
LC control number KNG00044042000
040 ## - Източник на каталожния запис
Идентификатор на билиотеката - собственик на записа BLK
041 ## - Код за език
Код за езика на текст/звукозапис или на отделно заглавие Испански
Код за езика КДБФ Други
080 ## - УДК
Текстов определител УДК Социография. Социално положение. Условия на политическия и социалния живот. Социално и социално-икономическо положение на отделните страни, народи, раси. Социална география. (Общи въпроси)
УДК код - определител по УДК 308
УДК определител (729.1)
УДК - код + определител 308(729.1)
139 ## - Редно поле
Редна дума Cuba
Авторски знак Cu - C 94
245 10 - Сведения за заглавието
Заглавие Cuba
Подзаглавни данни Album de fotos
Редно поле (дума) aut. del texte y comp. V. P. Vesenski; red. O. T. Darushenkov.
257 ## - Страна на издаване
Страна на създаване/издаване СССР
260 ## - Област на издателските данни
Място на издаване, разпространение и проч. Moscu
Име на издателя, разпространителя и проч. Planeta
Година на издаване 1980
300 ## - Физическа характеристика
Страници 238 c.
Илюстрации и др. фотогр.
Размери/Мащаб 28 см
380 ## - Жанр
Жанр Обществени науки
650 #4 - Допълнително описание по предмет – тема
Основно описание – тема или топоним Куба
9 (RLIN) 272036
651 #4 - Допълнително описание по предмет - топоним
Географско понятие Куба
9 (RLIN) 272036
653 ## - Ключова дума – ненормативна
Ключова дума Куба
700 1# - Други автори (авторска отговорност)
Лично име Vesenski, V. P.
Автороска отговорност (Описва отношението между автора и произведението) aut. del texte y comp.
9 (RLIN) 27280
700 1# - Други автори (авторска отговорност)
Лично име Darushenkov, O. T.
Автороска отговорност (Описва отношението между автора и произведението) red.
9 (RLIN) 8028
852 ## - Местоположение
Форматна сигнатура Цб ІІ 27030
856 4# - Електронен адрес и достъп
Електронен формат pdf - файл
Път до файла /url/
856 4# - Електронен адрес и достъп
Електронен формат pdf - файл
Път до файла /url/
999 ## - СИСТЕМНИ КОНТРОЛНИ НОМЕРА
Koha biblionumber 208575
Koha biblioitemnumber 208575
942 ## - АРТИКУЛИ
Вид на библиотечния материал Графични издания
Скрит в OPAC Не
Периодичен библиозапис Да
944 ## - СЪЗДАВАНЕ И РЕДАКЦИЯ на ЗАПИСА
Създаване/Редакция Създаване
Дата на регистрацията/редакция 01.01.1999
Служител, извършил регистрацията/редакцията AB_DOS
944 ## - СЪЗДАВАНЕ И РЕДАКЦИЯ на ЗАПИСА
Създаване/Редакция Редакция
Дата на регистрацията/редакция 17.06.2015
Служител, извършил регистрацията/редакцията Ирена_Линкова
999 ## - СИСТЕМНИ КОНТРОЛНИ НОМЕРА
Koha biblioitemnumber 208575
Наличности
Код за отписване Код за изгубен артикул Източник на класификационната схема Код за повреда Коз за рестрикции Код за отдаване Артикулен № Име на библиотеката - собственик Име на библиотеката, в която се намира в момента Статус (Текущо местоположение) Дата на вписване в системата Местоположение - отдел Цена в лева Инвентарен номер Систематично азбучна сигнатура Баркод Номер на екземпляра Цена в евро Служебен тип на артикула
  Не е изгубен Universal Decimal Classification Не е повреден без рестрикции ползва се в читалня 359672 Регионална библиотека "Любен Каравелов" Русе Регионална библиотека "Любен Каравелов" Русе Хранилище 2001-01-01 Основен фонд - ползва се само за читалня 0.00 628084 Цб ІІ 27030 120000628084 1 0.00 Графични издания
Vip Innovations Ltd, Rousse, Bulgaria 2025